Innovation policy of the European Union

Súčasná situácia na poli inovácií a Európska únia. Implementácia inovácií v členských štátoch EÚ. Lisabonská stratégia. Nástroje inovačnej politiky. Kohézna politika EÚ a podpora inovácií.

Uložené v:
Podrobná bibliografia
Hlavný autor: Lipková, Ľudmila
Médium: Kapitola
Jazyk:English
Predmet:
Tagy: Pridať tag
Žiadne tagy, Buďte prvý, kto otaguje tento záznam!

MARC

LEADER 00000naa$a2200000$$$4500
001 0155113
005 20240502083348.4
041 0 |a eng 
044 |a CZ 
245 1 0 |a Innovation policy of the European Union  |c Ľudmila Lipková 
520 |a Súčasná situácia na poli inovácií a Európska únia. Implementácia inovácií v členských štátoch EÚ. Lisabonská stratégia. Nástroje inovačnej politiky. Kohézna politika EÚ a podpora inovácií. 
610 2 0 |a inovácia 
610 2 0 |a politika kohézna 
610 2 0 |a konkurencieschopnosť 
610 2 0 |a Európska únia 
100 1 |a Lipková, Ľudmila